000 00429nam a2200145Ia 4500
008 240729s9999 xx 000 0 und d
022 _a2721-4540
245 0 _aRainbow: Journal of Literature, Linguistics and Culture
260 _aIndonesia
260 _bUniversitas Negeri Semarang
650 _aLanguage and Literature
856 _uhttps://doaj.org/toc/71c0873989244f5a8c133db218df4322
942 _2ddc
942 _cDOAJEJ
999 _c68062
_d68062
945 _a1
_bMadushi Gamage
_c1
_dMadushi Gamage